| 000 | 03123cam a2200397 i 4500 | ||
|---|---|---|---|
| 001 | 768714001 | ||
| 003 | CO-MdFUSB | ||
| 005 | 20210610124135.0 | ||
| 007 | ta | ||
| 008 | 971030t19921992iluc b 010 0 eng | ||
| 010 | _a92031340 | ||
| 020 | _a0830817670 | ||
| 040 |
_aDLC _cCO-MdFUSB _dPGC _dCO-MdFUSB _dCAP _dUtOrBLW _bspa _erda |
||
| 041 | _aeng | ||
| 082 |
_223 _a248.2 _bA414 |
||
| 090 | _aBV4501.2 | ||
| 245 | 0 | 0 |
_aAlive to God : _bstudies in spirituality presented to James Houston. _c/ editado por: J. I. Packer , Loren Wilkinson. |
| 264 | 1 |
_aDowners Grove, Ill. : _bInterVarsity Press, _c[1992] |
|
| 264 | 4 | _c©1992. | |
| 300 |
_a314 páginas : _bretratos ; _c23 cm. |
||
| 336 |
_atexto _btxt _2rdacontent. |
||
| 337 |
_asin mediación _bn _2rdamedia. |
||
| 338 |
_avolumen _bnc _2rdacarrier. |
||
| 504 | _aIncluye referencias bibliográficas. | ||
| 505 | 0 | _aA James M. Houston, en su 70 cumpleaños / J.I. Packer, Loren Wilkinson - "¿Espiritual? ¡Di que no es así!" / Carl FH Henry - El temor del Señor: el fundamento de una relación con Dios / Bruce K. Waltke - Piedad en el Pentateuco / David W. Baker - Cuando el Espíritu vino poderosamente: la espiritualidad de los líderes carismáticos de Israel / Carl Edwin Armerding - ¿Cómo oró Jesús? : la espiritualidad de Jesús en la iglesia apostólica / Markus Bockmuehl - El juicio de las naciones: Mateo 25: 31-46 / WJ Dumbrell - Poemas para personas bajo presión: el apocalipsis de Juan y la vida contemplativa / R. Paul Stevens - Algunas reflexiones sobre la espiritualidad paulina / Gordon D. Fee -Orgullo, humildad y Dios / John Stott - La relevancia espiritual de los ángeles / Thomas F. Torrance - Contemplando el misterio trinitario de Cristo / James B. Torrance - Probando el espíritu de Cristo: prueba de ácido de Walter Hilton / David L. Jeffrey - Richard Baxter sobre el cielo, la esperanza y la santidad / JI Packer - Sobre la simetría espiritual: la devoción cristiana de William Wilberforce / Murray A. Pura, Donald M. Lewis - Aspectos de la espiritualidad de los hermanos cristianos / Ian S. Rennie - Las preocupaciones de esta vida, el engaño de la riqueza y la secularización en la sociedad moderna / Craig M. Gay - Construyendo una teología natural legítima / Walter R. Thorson - Formación espiritual y educación teológica / Walter L. Liefeld, Linda M. Cannell - La espiritualidad terrenal de Gerard Manley Hopkins / Loren Wilkinson - - Vientre ... ala ... viento: poemas del Espíritu: un ciclo hexagonal / Luci N. Shaw - La fe cristiana y las ciencias sociales en una era posmoderna / David Ley - La comunidad de fe como el lugar de la fe integración de aprendizaje / Kenneth R. Badley - Espiritualidad profética: marcas para el viaje / Ron Dart. | |
| 563 | _aRústico | ||
| 650 | 0 |
_aVida espiritual _951 |
|
| 650 | 0 |
_aVida cristiana _919 |
|
| 700 | 1 |
_aHouston, J. M. _q(James Macintosh), _d1922- _eeditor |
|
| 700 | 1 |
_aPacker, J. I. _q(James Innell) _eeditor |
|
| 700 | 1 |
_aWilkinson, Loren. _eeditor |
|
| 942 | _cBK | ||
| 945 | _aJTF-925 | ||
| 999 |
_c66428 _d66428 |
||